[Event "47th GRE-chT 2019"]
[Site "Patra"]
[Date "2019.07.03"]
[Round "2.31"]
[White "Balogh, Csaba"]
[Black "Cheparinov, Ivan"]
[Result "1/2-1/2"]
[WhiteElo "2587"]
[BlackElo "2666"]
[Annotator "TA"]
[PlyCount "66"]
[EventDate "2019.07.02"]
[EventCountry "GRE"]
[SourceTitle "playchess.com"]
[Source "ChessBase"]
[SourceQuality "1"]

{[%evp 15,66,18,33,33,34,33,37,26,36,20,40,24,36,29,64,19,34,0,91,68,84,52,60,54,42,16,32,23,31,31,31,19,11,12,66,65,83,23,17,7,16,11,25,19,32,14,24,8,6,-532,471,467,1063]} 1. e4 c6 2. Nc3 g6 3. d4 Bg7 4. Nf3 d6 5. Be3 Qb6 6. a3 Nf6 7. h3 O-O 8. Bd3 Nbd7 9. O-O {B06: Modern Defence} Qc7 10. Qd2 e5 11. Rfe1 {White is slightly better.} (11. Bh6 Re8 12. Bxg7 Kxg7 13. Rad1 b5 14. dxe5 dxe5 15. Ne2 Nc5 16. Ng3 a5 {½-½ (49) Zhigalko,S (2647)-Iordachescu,V (2581) Kishinev 2016}) 11... Re8 12. Rad1 exd4 $146 ({Predecessor:} 12... Nf8 13. Bc4 exd4 14. Bxd4 Be6 {½-½ (22) Sulava,N (2492)-Biolek,R (2434) Imperia 2008}) 13. Bxd4 Ne5 14. Nh2 Be6 15. f4 Nxd3 16. Qxd3 Rad8 {[#]} (16... d5 $11) 17. f5 $1 $16 {[%cal Rf5e6]} Bc8 $1 18. Qf3 Nd7 19. Bxg7 ({Don't blunder} 19. Bxa7 $2 b6 $19) 19... Kxg7 20. Qf4 {Threatens to win with Ng4.} Nf6 21. Ng4 Nxg4 22. hxg4 Qe7 23. Kf2 (23. Rf1 {is more complex.} Qe5 24. Qd2 f6 25. Rf3 b6 26. g5) 23... Qe5 24. Kf3 Qxf4+ ({Black should play} 24... h6 $11) 25. Kxf4 $14 h6 26. Rh1 (26. Re3 $16) 26... b6 27. Rd2 Bb7 28. Rhd1 d5 29. fxg6 Kxg6 30. exd5 cxd5 31. Nxd5 Rxd5 32. Rd3 $2 {[%mdl 8192] [#]} (32. Rxd5 $11 Bxd5 33. Rxd5) 32... Rd4+ $4 {[%mdl 8192]} (32... Rxd3 $19 {and all is fine.} 33. Rxd3 Re4+ 34. Kg3 Kg5) 33. Rxd4 $18 Bd5 {[%mdl 32768] Accuracy: White = 32%, Black = 47%. . An unexpected result.} (33... Kf6 $142 34. Rd6+ Kg7) 1/2-1/2

[Event "47th GRE-chT 2019"]
[Site "Patra"]
[Date "2019.07.03"]
[Round "2.32"]
[White "Safarli, Eltaj"]
[Black "Tzermiadianos, Andreas"]
[Result "1-0"]
[WhiteElo "2608"]
[BlackElo "2438"]
[Annotator "RC"]
[PlyCount "80"]
[EventDate "2019.07.02"]
[EventCountry "GRE"]
[SourceTitle "playchess.com"]
[Source "ChessBase"]
[SourceQuality "1"]
[TimeControl "5400+30"]

1. e4 {[%emt 0:00:00]} c5 {[%emt 0:00:53]} 2. Nc3 {[%emt 0:00:20]} Nc6 {[%emt 0:00:03]} 3. Bb5 {[%emt 0:01:12]} Nd4 {[%emt 0:00:16]} 4. Nf3 {[%emt 0:02:03]} a6 {[%emt 0:02:04]} 5. Bd3 {[%emt 0:00:33]} g6 {[%emt 0:00:35]} 6. Rb1 {[%emt 0:08:25]} Bg7 {[%emt 0:00:09]} 7. b4 {[%emt 0:03:40]} cxb4 {[%emt 0:00:08]} 8. Rxb4 {[%emt 0:00:06]} Nc6 {[%emt 0:00:04]} 9. Rb1 {[%emt 0:00:38]} Nf6 {[%emt 0:01:24]} 10. O-O {[%emt 0:06:10]} O-O {[%emt 0:00:34]} 11. Nd5 {[%emt 0:09:15]} Nxd5 {[%emt 0:00:07]} 12. exd5 {[%emt 0:00:12]} Ne5 {[%emt 0:09:30]} 13. Nxe5 {[%emt 0:00:10]} Bxe5 {[%emt 0:02:09]} 14. Re1 {[%emt 0:11:25]} d6 {[%emt 0:03:37]} 15. Bb2 {[%emt 0:14:23]} Bxb2 {[%emt 0:00:03]} 16. Rxb2 {[%emt 0:11:02]} e6 {[%emt 0:00:52]} 17. dxe6 {[%emt 0:00:09]} Bxe6 {[%emt 0:01:17]} 18. Rxb7 {[%emt 0:00:11]} Qa5 {[%emt 0:13:18]} 19. h4 {[%emt 0:04:02]} Qxa2 {[%emt 0:07:34]} 20. Rb6 {[%emt 0:11:55]} a5 {[%emt 0:04:08]} 21. Rxd6 {[%emt 0:03:34]} Rfd8 {[%emt 0:08:27]} 22. Qf3 {[%emt 0:07:03]} Qa3 23. Rxd8+ {[%emt 2:35:07]} Rxd8 {[%emt 0:02:37]} 24. Qf6 {[%emt 0:00:00]} Qd6 {[%emt 0:00:11]} 25. h5 {[%emt 0:00:00]} Qd4 {[%emt 0:06:09]} 26. Qe7 {[%emt 0:00:00]} Qd6 {[%emt 0:00:33]} 27. Qg5 {[%emt 0:00:00]} Bd5 {[%emt 0:08:11]} 28. Qh4 {[%emt 0:00:00]} Bc6 {[%emt 0:10:10]} 29. Re3 {[%emt 0:00:00]} Re8 {[%emt 0:09:18]} 30. hxg6 {[%emt 0:00:00]} fxg6 {[%emt 0:02:34]} 31. Qc4+ {[%emt 0:00:00]} Kf8 {[%emt 0:03:20]} 32. Qc3 {[%emt 0:00:00]} Rxe3 {[%emt 0:02:05]} 33. fxe3 {[%emt 0:00:00]} a4 {[%emt 0:00:09]} 34. Qh8+ {[%emt 0:00:00]} Ke7 {[%emt 0:00:06]} 35. Qxh7+ {[%emt 0:00:00]} Kd8 {[%emt 0:02:20]} 36. Qh8+ {[%emt 0:00:00]} Be8 {[%emt 0:00:58]} 37. Bb5 {[%emt 0:00:00]} Qxd2 {[%emt 0:00:14]} 38. Qxe8+ {[%emt 0:00:00]} Kc7 {[%emt 0:00:55]} 39. Qc6+ {[%emt 0:00:00]} Kd8 {[%emt 0:00:00]} 40. Qf6+ {[%emt 0:00:00]} Kc7 {[%emt 0:00:00]} 1-0

[Event "47th GRE-chT 2019"]
[Site "Patra"]
[Date "2019.07.03"]
[Round "2.33"]
[White "Papadopoulos, Nikolaos"]
[Black "Kapnisis, Spyridon"]
[Result "1-0"]
[WhiteElo "2272"]
[BlackElo "2472"]
[Annotator "TA"]
[PlyCount "75"]
[EventDate "2019.07.02"]
[EventCountry "GRE"]
[SourceTitle "playchess.com"]
[Source "ChessBase"]
[SourceQuality "1"]

{[%evp 20,95,0,0,0,-20,-12,-12,-29,-27,-30,-30,-30,-18,-7,-29,-22,-33,-19,-23,-13,-34,0,-36,-2,-10,5,0,20,20,16,-32,-43,-51,-42,-40,0,0,113,110,126,98,104,102,135,121,145,135,457,441,388,327,317,290,830,829,847,766,1095,1085,1020,759,1340,1331,1178,1202,1993,1988,1468,1521,5306,5297,29986,29987,29988,29989,29998,29999]} 1. d4 Nf6 2. c4 e6 3. g3 c5 4. Nf3 b6 5. Bg2 Bb7 6. d5 exd5 7. Nh4 g6 8. Nc3 Bg7 9. cxd5 O-O 10. O-O d6 11. e4 Nbd7 {E16: Queen's Indian: 4 g3 Bb7 5 Bg2 Bb4+} (11... Re8 12. Re1 a6 13. a4 Nbd7 14. Rb1 c4 15. b3 cxb3 16. Rxb3 Nc5 17. Rb1 Rc8 18. Re2 Nfd7 19. Na2 {0-1 (36) Olafsson,H (2547)-Socko,B (2619) Reykjavik 2013}) 12. Nf3 $146 ({Predecessor:} 12. f4 Re8 13. Re1 c4 14. Be3 b5 15. Nxb5 Nxd5 16. Nxd6 Nxe3 17. Rxe3 Qb6 18. Nxc4 Qd4 19. e5 Qxc4 20. Qxd7 Bxg2 21. Nxg2 {0-1 (49) Chistiakova,T (2314)-Tunik,G (2430) Kazan 2013}) 12... b5 13. Nxb5 Nxe4 {The position is equal.} 14. Re1 a6 {aiming for ...Nxf2.} 15. Na3 $1 Nef6 16. Nc4 Bxd5 17. Ne3 $1 {[%cal Re3d5]} Bxf3 18. Bxf3 Ne5 19. Bg2 c4 20. Re2 Re8 21. Bd2 Rc8 22. Bc3 Qd7 23. Qc2 d5 {Hoping for ...d4.} 24. Rd1 {[%cal Re3d5]} Nd3 {And now ...d4 would win.} 25. Nxd5 (25. Bxf6 $5 Rxe3 26. Rxe3 Bxf6 27. Rexd3 cxd3 28. Qxd3 $14 {[%mdl 64] Double Attack}) 25... Nxd5 26. Rxe8+ Rxe8 27. Bxg7 Kxg7 (27... Ne3 $5 28. fxe3 Kxg7 $15) 28. Qxc4 {[%mdl 64] [#] Double Attack} Nf6 ({Don't play} 28... N5b4 $6 29. Qxb4 $1 {[%mdl 512]} Nxb4 30. Rxd7 $16) (28... Nxf2 $1 $11 {[%mdl 512]} 29. Rxd5 (29. Kxf2 Qf5+) 29... Nh3+ 30. Bxh3 Qxh3) 29. Rxd3 $16 Re1+ 30. Bf1 Qh3 {[%csl Gh3][%cal Re1f1]} 31. Rd4 g5 32. b4 h5 33. a4 a5 $2 {[%mdl 8192]} (33... Qf5 $16 {is tougher.}) 34. bxa5 $18 Qf5 ({Inferior is} 34... Ng4 {[#]} 35. Rxg4 $1 {[%mdl 512]} Rxf1+ 36. Qxf1 $18) 35. Qc3 Qb1 36. Qd3 {Threatens to win with Qxb1.} Qb7 $2 (36... Qa1) 37. a6 Qa7 38. Rb4 {Played: Qd3-d2} 1-0

[Event "47th GRE-chT 2019"]
[Site "Patra"]
[Date "2019.07.03"]
[Round "2.34"]
[White "Goumas, Georgios"]
[Black "Azis, Azizis Ektoras"]
[Result "1-0"]
[WhiteElo "2391"]
[BlackElo "2191"]
[Annotator "NA"]
[PlyCount "107"]
[EventDate "2019.07.02"]
[EventCountry "GRE"]
[SourceTitle "playchess.com"]
[Source "ChessBase"]
[SourceQuality "1"]
[TimeControl "5400+30"]

1. e4 {[%emt 0:00:00]} e5 {[%emt 0:02:56]} 2. Nf3 {[%emt 0:00:00]} Nf6 {[%emt 0:00:04]} 3. Nxe5 {[%emt 0:00:00]} d6 {[%emt 0:00:03]} 4. Nf3 {[%emt 0:00:04]} Nxe4 {[%emt 0:00:04]} 5. Nc3 {[%emt 0:00:17]} Nxc3 {[%emt 0:00:05]} 6. dxc3 {[%emt 0:00:07]} Be7 {[%emt 0:00:04]} 7. Be3 {[%emt 0:05:41]} Nc6 {[%emt 0:00:57]} 8. Qd2 {[%emt 0:00:35]} Be6 {[%emt 0:00:08]} 9. O-O-O {[%emt 0:01:02] C42: Petroff Defence: 3 Nxe5 and unusual White 3rd moves} Qd7 {[%emt 0:00:06]} 10. Kb1 {[%emt 0:08:58]} a6 {[%emt 0:01:44]} 11. Ng5 {[%emt 0:04:42]} Bxg5 {[%emt 0:00:09]} 12. Bxg5 {[%emt 0:00:44]} f6 {[%emt 0:00:06]} 13. Be3 {[%emt 0:09:32]} O-O-O {[%emt 0:01:35]} 14. b3 {[%emt 0:02:18] [#]} h5 $146 {[%emt 0:00:11]} ({Predecessor:} 14... Kb8 15. h3 Bf5 16. Be2 Be4 {½-½ (31) Inarkiev,E (2669)-Gashimov,V (2703) Elista 2008}) 15. h4 {[%emt 0:00:58]} Ne5 {[%emt 0:00:44]} 16. f3 {[%emt 0:00:37]} c5 {[%emt 0:00:31]} 17. c4 {[%emt 0:02:39]} Qc6 {[%emt 0:05:46]} 18. Be2 {[%emt 0:07:18]} Bf5 {[%emt 0:01:50]} 19. Rhe1 {[%emt 0:01:09]} Rhe8 {[%emt 0:00:20]} 20. Bg1 {[%emt 0:10:39]} Bg6 {[%emt 0:04:26]} 21. Bh2 {[%emt 0:13:28]} Bh7 {[%emt 0:05:43]} 22. Qf4 {[%emt 0:12:01]} Qd7 $14 {[%emt 0:01:33]} 23. Rd2 {[%emt 0:11:21]} Qf5 {[%emt 0:00:34]} 24. Qg3 {[%emt 0:01:54]} Qg6 {[%emt 0:00:36]} 25. Qf2 {[%emt 0:03:45]} Qf5 {[%emt 0:00:28]} 26. Red1 {[%emt 0:02:05]} Ng4 {[%emt 0:02:19]} 27. Qg3 {[%emt 0:00:45]} Nxh2 {[%emt 0:00:06]} 28. Bd3 {[%emt 0:00:28]} Qe5 {[%emt 0:10:03]} 29. Qxe5 {[%emt 0:00:03]} dxe5 {[%emt 0:00:07]} 30. Bxh7 {[%emt 0:00:52]} Rxd2 {[%emt 0:00:05]} 31. Rxd2 {[%emt 0:00:45]} Rd8 {[%emt 0:06:37]} 32. Rf2 {[%emt 0:00:06]} Rd1+ {[%emt 0:00:03]} 33. Kb2 {[%emt 0:00:27]} Nf1 {[%emt 0:00:00]} 34. g4 {[%emt 0:00:52]} hxg4 {[%emt 0:00:02]} 35. fxg4 {[%emt 0:00:32]} Ne3 {[%emt 0:00:00]} 36. Re2 {[%emt 0:00:23]} Nf1 {[%emt 0:00:01]} 37. g5 {[%emt 0:00:36]} Kd8 {[%emt 0:04:58]} 38. Bd3 {[%emt 0:00:38]} Ke7 {[%emt 0:00:12]} 39. gxf6+ {[%emt 0:00:05]} gxf6 {[%emt 0:00:00]} 40. h5 {[%emt 0:00:00]} Ng3 {[%emt 0:00:00]} 41. Rh2 {[%emt 0:00:00]} Rh1 {[%emt 0:00:00]} 42. Rxh1 {[%emt 0:00:00]} Nxh1 {[%emt 0:00:00]} 43. h6 {[%emt 0:00:00]} Kf7 {[%emt 0:00:00]} 44. Be4 {[%emt 0:00:00]} Ng3 {[%emt 0:00:00]} 45. Bxb7 {[%emt 0:00:00]} a5 {[%emt 0:00:00]} 46. c3 {[%emt 0:00:00]} f5 {[%emt 0:00:00]} 47. b4 {[%emt 0:02:18]} axb4 {[%emt 0:00:00]} 48. cxb4 {[%emt 0:01:08]} e4 {[%emt 0:00:00]} 49. b5 {[%emt 0:00:29]} f4 {[%emt 0:00:00]} 50. h7 {[%emt 0:00:11]} Kg7 {[%emt 0:00:00]} 51. b6 {[%emt 0:01:17]} f3 {[%emt 0:00:00]} 52. Bxe4 {[%emt 0:00:17]} Nxe4 {[%emt 0:00:00]} 53. b7 {[%emt 0:00:21]} f2 {[%emt 0:00:00]} 54. b8=Q {[%emt 0:00:36]} 1-0

[Event "47th GRE-chT 2019"]
[Site "Patra"]
[Date "2019.07.03"]
[Round "2.35"]
[White "Radeva, Viktoria"]
[Black "Botsari, Anna-Maria"]
[Result "1/2-1/2"]
[WhiteElo "2247"]
[BlackElo "2233"]
[Annotator "NA"]
[PlyCount "63"]
[EventDate "2019.07.02"]
[EventCountry "GRE"]
[SourceTitle "playchess.com"]
[Source "ChessBase"]
[SourceQuality "1"]
[TimeControl "5400+30"]

1. e4 {[%emt 0:00:00]} c5 {[%emt 0:00:00]} 2. Nf3 {[%emt 0:00:00]} e6 {[%emt 0:00:27]} 3. d4 {[%emt 0:00:00]} cxd4 {[%emt 0:00:04]} 4. Nxd4 {[%emt 0:00:00]} Nc6 {[%emt 0:00:15]} 5. Be2 {[%emt 0:00:38]} Qc7 {[%emt 0:00:51]} 6. Nc3 {[%emt 0:00:19]} a6 {[%emt 0:00:02]} 7. O-O {[%emt 0:00:50]} Nf6 {[%emt 0:00:17]} 8. Be3 {[%emt 0:00:08]} Bb4 {[%emt 0:00:06]} 9. Na4 {[%emt 0:00:17]} O-O {[%emt 0:01:55]} 10. c4 {[%emt 0:00:24]} Bd6 {[%emt 0:00:08]} 11. g3 {[%emt 0:00:18]} Nxe4 {[%emt 0:00:31]} 12. c5 {[%emt 0:02:20]} Be7 {[%emt 0:04:03]} 13. Nxc6 {[%emt 0:38:40]} bxc6 {[%emt 0:13:27]} 14. Qd4 {[%emt 0:09:34]} d5 {[%emt 0:09:57]} 15. cxd6 $1 {[%emt 0:01:36]} Nxd6 {[%emt 0:01:03]} 16. Qb6 {[%emt 0:11:41]} Qxb6 $11 {[%emt 0:10:03]} 17. Nxb6 {[%emt 0:00:16]} Rb8 {[%emt 0:00:03]} 18. Rac1 {[%emt 0:04:54]} Nf5 {[%emt 0:05:04]} 19. Nxc8 {[%emt 0:01:29]} Rfxc8 {[%emt 0:02:35]} 20. Bxa6 {[%emt 0:01:08]} Nxe3 {[%emt 0:00:34]} 21. fxe3 {[%emt 0:00:05]} Rc7 {[%emt 0:06:19]} 22. Rc2 {[%emt 0:01:47]} Bf6 {[%emt 0:03:12]} 23. b3 {[%emt 0:02:12]} Ra7 {[%emt 0:02:24]} 24. Rxc6 {[%emt 0:08:28]} Rba8 {[%emt 0:00:33]} 25. Rfc1 {[%emt 0:00:56]} Bd8 {[%emt 0:02:40]} 26. Bc8 {[%emt 0:06:21]} Rxa2 {[%emt 0:02:19]} 27. Bb7 {[%emt 0:00:07]} Rb8 {[%emt 0:01:42]} 28. Rc8 {[%emt 0:01:19]} Rxc8 {[%emt 0:00:33]} 29. Rxc8 {[%emt 0:00:05]} Rd2 {[%emt 0:00:04]} 30. Kf1 {[%emt 0:00:44]} Kf8 {[%emt 0:00:15]} 31. Ke1 {[%emt 0:00:14]} Rd6 {[%emt 0:00:06]} 32. Ke2 {[%emt 0:02:52]} 1/2-1/2

[Event "47th GRE-chT 2019"]
[Site "Patra"]
[Date "2019.07.03"]
[Round "2.36"]
[White "Avramidou, Anastasia"]
[Black "Grafakou, Sotiria-Aphrodite"]
[Result "1/2-1/2"]
[WhiteElo "2260"]
[BlackElo "1684"]
[Annotator "NA"]
[PlyCount "101"]
[EventDate "2019.07.02"]
[EventCountry "GRE"]
[SourceTitle "playchess.com"]
[Source "ChessBase"]
[SourceQuality "1"]
[TimeControl "5400+30"]

1. d4 {[%emt 0:00:00]} Nf6 {[%emt 0:00:00]} 2. c4 {[%emt 0:00:00]} e6 {[%emt 0:00:00]} 3. Nf3 {[%emt 0:01:37]} d5 {[%emt 0:00:06]} 4. Nc3 {[%emt 0:01:46]} Bb4 {[%emt 0:00:30]} 5. g3 {[%emt 0:00:53]} O-O {[%emt 0:00:15]} 6. Bg2 {[%emt 0:03:01]} b6 {[%emt 0:02:02]} 7. O-O {[%emt 0:02:41]} Bb7 {[%emt 0:04:38]} 8. Ne5 {[%emt 0:08:35]} Nbd7 {[%emt 0:03:02]} 9. Bg5 {[%emt 0:13:43]} Qc8 {[%emt 0:25:38]} 10. cxd5 {[%emt 0:11:15]} Nxd5 {[%emt 0:01:57]} 11. Nxd5 {[%emt 0:05:22]} Bxd5 {[%emt 0:18:11]} 12. Bxd5 $14 {[%emt 0:00:16]} exd5 {[%emt 0:00:11]} 13. Nc6 {[%emt 0:02:47]} Bd6 {[%emt 0:11:19]} 14. Qb3 {[%emt 0:14:11]} Qe8 {[%emt 0:05:56]} 15. Qxd5 Qe7 {[%emt 2:26:26]} 16. e4 {[%emt 0:05:37]} Qxe4 17. Qf5 {[%emt 0:05:00]} Qe6 {[%emt 0:00:00]} 18. Qxe6 {[%emt 0:00:09]} fxe6 {[%emt 0:00:00]} 19. Rfe1 {[%emt 0:02:03]} Kf7 {[%emt 0:00:00]} 20. Rac1 {[%emt 0:04:32]} Rfe8 {[%emt 0:00:00]} 21. Bf4 {[%emt 0:04:01]} Bxf4 {[%emt 0:00:00]} 22. gxf4 {[%emt 0:01:29]} Kg8 {[%emt 0:00:00]} 23. f5 {[%emt 0:03:32]} exf5 {[%emt 0:00:00]} 24. Ne7+ {[%emt 0:00:27]} Kf8 {[%emt 0:00:00]} 25. Nxf5 {[%emt 0:00:24]} Rxe1+ {[%emt 0:00:00]} 26. Rxe1 {[%emt 0:02:38]} g6 {[%emt 0:00:00]} 27. Ne3 {[%emt 0:01:02]} Nf6 {[%emt 0:00:00]} 28. Rc1 {[%emt 0:01:09]} Rc8 {[%emt 0:00:00]} 29. Rc6 {[%emt 0:00:38]} Ke7 {[%emt 0:00:00]} 30. d5 {[%emt 0:01:32]} Ne8 {[%emt 0:00:00]} 31. Kg2 {[%emt 0:00:31]} Nd6 {[%emt 0:00:00]} 32. Ng4 {[%emt 0:01:53]} Nf5 {[%emt 0:00:00]} 33. Re6+ {[%emt 0:00:33]} Kf7 {[%emt 0:00:00]} 34. Ne5+ {[%emt 0:00:10]} Kg7 {[%emt 0:00:00]} 35. Nc6 {[%emt 0:01:49]} a5 {[%emt 0:00:00]} 36. Re2 {[%emt 0:01:07]} Rf8 {[%emt 0:00:00]} 37. Rc2 {[%emt 0:00:50]} Rf7 {[%emt 0:00:00]} 38. Nd8 {[%emt 0:00:29]} Rd7 {[%emt 0:00:00]} 39. Rxc7 {[%emt 0:00:14]} Rxc7 {[%emt 0:00:00]} 40. Ne6+ {[%emt 0:00:30]} Kf6 {[%emt 0:00:00]} 41. Nxc7 {[%emt 0:00:00]} Ke5 {[%emt 0:00:00]} 42. Kf3 {[%emt 0:00:00]} Ne7 {[%emt 0:00:00]} 43. Kg4 {[%emt 0:00:00]} h6 {[%emt 0:00:00]} 44. f4+ {[%emt 0:00:00]} Kd6 {[%emt 0:00:00]} 45. Nb5+ {[%emt 0:00:00]} Kxd5 {[%emt 0:00:00]} 46. Nc3+ {[%emt 0:00:00]} Kd4 {[%emt 0:00:00]} 47. h4 {[%emt 0:00:00]} Kd3 {[%emt 0:00:00]} 48. h5 {[%emt 0:00:00]} gxh5+ {[%emt 0:00:00]} 49. Kxh5 {[%emt 0:00:00]} Ke3 {[%emt 0:00:00]} 50. f5 {[%emt 0:00:00]} Nxf5 {[%emt 0:00:00]} 51. Nd5+ {[%emt 0:00:00]} 1/2-1/2

[Event "47th GRE-chT 2019"]
[Site "Patra"]
[Date "2019.07.03"]
[Round "2.38"]
[White "Kouskoutis, Georgios-Alexandros"]
[Black "Gkikas, Vasilios"]
[Result "1-0"]
[WhiteElo "2256"]
[BlackElo "1950"]
[Annotator "NA"]
[PlyCount "119"]
[EventDate "2019.07.02"]
[EventCountry "GRE"]
[SourceTitle "playchess.com"]
[Source "ChessBase"]
[SourceQuality "1"]
[TimeControl "5400+30"]

1. c4 {[%emt 0:00:46]} e5 {[%emt 0:00:00]} 2. g3 {[%emt 0:01:02]} Nf6 {[%emt 0:00:00]} 3. Bg2 {[%emt 0:00:23]} d5 {[%emt 0:00:00]} 4. cxd5 {[%emt 0:00:03]} Nxd5 {[%emt 0:00:00]} 5. Nc3 {[%emt 0:00:06]} Nb6 {[%emt 0:00:00]} 6. Nf3 {[%emt 0:00:11]} Nc6 {[%emt 0:00:00]} 7. O-O {[%emt 0:00:29]} Be7 {[%emt 0:00:49]} 8. d3 {[%emt 0:00:35]} O-O {[%emt 0:02:04]} 9. Be3 {[%emt 0:09:56]} Be6 {[%emt 0:01:01]} 10. Rc1 {[%emt 0:01:36]} Nd5 {[%emt 0:12:47]} 11. Nxd5 {[%emt 0:01:11]} Bxd5 {[%emt 0:00:55]} 12. Qa4 {[%emt 0:16:19]} Re8 {[%emt 0:12:46]} 13. b4 {[%emt 0:08:09]} a6 {[%emt 0:05:00]} 14. a3 {[%emt 0:18:57]} Bf6 {[%emt 0:05:04]} 15. Rc5 {[%emt 0:05:23]} Ne7 {[%emt 0:17:22]} 16. Nd2 {[%emt 0:03:12]} Bxg2 {[%emt 0:00:12]} 17. Kxg2 {[%emt 0:03:02]} Nd5 {[%emt 0:07:01]} 18. Qb3 {[%emt 0:00:57]} c6 {[%emt 0:04:39]} 19. Ne4 {[%emt 0:03:59]} Be7 {[%emt 0:00:54]} 20. Rc2 {[%emt 0:03:04]} Rc8 {[%emt 0:04:35]} 21. Bc5 {[%emt 0:03:06]} Nc7 {[%emt 0:06:44]} 22. a4 {[%emt 0:00:25]} Ne6 {[%emt 0:03:15]} 23. Bxe7 {[%emt 0:01:59]} Rxe7 {[%emt 0:00:43]} 24. e3 {[%emt 0:01:36]} h6 {[%emt 0:04:23]} 25. Rfc1 {[%emt 0:05:19]} Ng5 {[%emt 0:03:53]} 26. Nxg5 {[%emt 0:00:17]} hxg5 {[%emt 0:03:17]} 27. b5 {[%emt 0:00:38]} axb5 {[%emt 0:00:06]} 28. axb5 {[%emt 0:00:41]} Qd6 {[%emt 0:02:07]} 29. Qc4 {[%emt 0:02:19]} Rd7 {[%emt 0:00:34]} 30. Rc3 {[%emt 0:05:29]} Rcd8 {[%emt 0:03:07]} 31. bxc6 {[%emt 0:00:10]} Qxc6+ {[%emt 0:01:00]} 32. Qxc6 {[%emt 0:00:04]} bxc6 {[%emt 0:00:26]} 33. Rd1 {[%emt 0:00:15]} f6 {[%emt 0:00:31]} 34. Kf3 {[%emt 0:01:08]} Kf7 {[%emt 0:00:08]} 35. Ke2 {[%emt 0:00:11]} Rd6 {[%emt 0:00:10]} 36. Rb1 {[%emt 0:00:29]} Rh8 {[%emt 0:00:57]} 37. Rb6 {[%emt 0:00:07]} Rxh2 {[%emt 0:00:03]} 38. Rbxc6 {[%emt 0:00:08]} Rxc6 {[%emt 0:00:04]} 39. Rxc6 {[%emt 0:02:20]} g4 {[%emt 0:00:00]} 40. Rc7+ {[%emt 0:00:00]} Kg6 {[%emt 0:00:00]} 41. d4 {[%emt 0:00:00]} exd4 {[%emt 0:00:00]} 42. exd4 {[%emt 0:00:00]} Rh5 {[%emt 0:00:00]} 43. Rc5 {[%emt 0:00:00]} Rh8 {[%emt 0:00:00]} 44. Kd3 {[%emt 0:00:00]} Rh2 {[%emt 0:00:00]} 45. Rc2 {[%emt 0:00:00]} Kf5 {[%emt 0:00:00]} 46. Re2 {[%emt 0:00:00]} Rh8 {[%emt 0:00:00]} 47. d5 {[%emt 0:00:00]} Rd8 {[%emt 0:00:00]} 48. Kd4 {[%emt 0:00:00]} Kg6 {[%emt 0:00:00]} 49. Kc5 {[%emt 0:00:00]} Rc8+ {[%emt 0:00:00]} 50. Kb6 {[%emt 0:00:00]} Rd8 {[%emt 0:00:00]} 51. Kc6 {[%emt 0:00:00]} Rc8+ {[%emt 0:00:00]} 52. Kd7 {[%emt 0:00:00]} Rc5 {[%emt 0:00:00]} 53. d6 {[%emt 0:00:00]} Kf7 {[%emt 0:00:00]} 54. Kd8 {[%emt 0:00:00]} f5 {[%emt 0:00:00]} 55. Re7+ {[%emt 0:00:00]} Kf8 {[%emt 0:00:00]} 56. Rc7 {[%emt 0:00:00]} Ra5 {[%emt 0:00:00]} 57. d7 {[%emt 0:00:00]} Ra2 {[%emt 0:00:00]} 58. Rc5 {[%emt 0:00:00]} Rxf2 {[%emt 0:00:00]} 59. Kc7 {[%emt 0:00:00]} Rd2 {[%emt 0:00:00]} 60. d8=Q+ {[%emt 0:00:00]} 1-0